000 00518nam a2200181Ia 4500
008 240925s9999 xx 000 0 und d
020 _a085226 0434 8
082 _a515.62 JAI
100 _aJain, M.K. ; S. R.K. Iyngar
245 0 _aNumerical Methods for Scientific and Engineering Computation
250 _a2nd
260 _aNew Delhi:
_bWiley Eastern
_c,1991.
300 _axiii,789p.
_bNA
_fOriginal
500 _aIncludes Index
600 _aHumanities & Natural Science
650 _aMathematics
942 _cBK
999 _c3718
_d3718